Мышление бытия и вера Откровения в немецкоязычной теологии и русской религиозной мысли конца XIX-XX веков (Запись № 13635213)
[ простой вид ]
| 000 -МАРКЕР | |
|---|---|
| контрольное поле | 02962nam0a2200469 4500 |
| 001 - ИДЕНТИФИКАТОР ЗАПИСИ | |
| контрольное поле | RU\NLR\BIBL_A\022597016 |
| 005 - ИДЕНТИФИКАТОР ВЕРСИИ | |
| контрольное поле | 20260316163140.0 |
| 010 ## - МЕЖДУНАРОДНЫЙ СТАНДАРТНЫЙ НОМЕР КНИГИ (ISBN) | |
| Номер (ISBN) | 978-5-7429-1630-7 |
| Тираж | 300 |
| 021 ## - НОМЕР ГОСУДАРСТВЕННОЙ РЕГИСТРАЦИИ | |
| Код страны | Российская Федерация |
| Номер | КН-П-25-032413 |
| Номер Листа государственной регистраци | КН-П-25-3202 |
| 035 ## - ДРУГИЕ СИСТЕМНЫЕ НОМЕРА | |
| Идентификатор записи | (NLR Aleph) 022597016 |
| 100 ## - ДАННЫЕ ОБЩЕЙ ОБРАБОТКИ | |
| Данные общей обработки | 20250805d2024 k y0rusy50 ca |
| 101 0# - ЯЗЫК РЕСУРСА | |
| Язык текста, звукозаписи и т.д. | русский |
| 102 ## - СТРАНА ПУБЛИКАЦИИ ИЛИ ПРОИЗВОДСТВА | |
| Страна публикации | Российская Федерация |
| 105 ## - ПОЛЕ КОДИРОВАННЫХ ДАННЫХ: ТЕКСТОВЫЕ МАТЕРИАЛЫ, МОНОГРАФИЧЕСКИЕ | |
| Кодированные данные о монографическом текстовом документе | a|||z|||000yy |
| 181 #0 - ПОЛЕ КОДИРОВАННЫХ ДАННЫХ: ВИД СОДЕРЖАНИЯ | |
| Код вида содержания (ISBD) | i3 |
| Код характеристики содержания (ISBD) | axxe |
| 182 #0 - ПОЛЕ КОДИРОВАННЫХ ДАННЫХ: ТИП СРЕДСТВА | |
| Код типа средства (ISBD) | n - непосредственное |
| 200 1# - ЗАГЛАВИЕ И СВЕДЕНИЯ ОБ ОТВЕТСТВЕННОСТИ | |
| Основное заглавие | Мышление бытия и вера Откровения в немецкоязычной теологии и русской религиозной мысли конца XIX-XX веков |
| Сведения, относящиеся к заглавию | коллективная монография |
| Первые сведения об ответственности | [Антонов Константин Михайлович, д-р филос. наук, Ваганова Наталья Анатольевна, канд. филос. наук, доцент, Ильин Иван Юрьевич, канд. филос. наук, магистр теологии, Университет Фрибура и др.] |
| Последующие сведения об ответственности | научные редакторы: М. А. Пылаев, д-р филос. наук, доцент, А. В. Кольцов, канд. филос. наук, преподаватель |
| -- | [Православный Свято-Тихоновский гуманитарный университет] |
| 203 ## - ВИД СОДЕРЖАНИЯ И ТИП СРЕДСТВА | |
| Вид содержания | Текст |
| Дополнительные сведения об издании | визуальный |
| Тип средства | непосредственный |
| 210 ## - ПУБЛИКАЦИЯ, РАСПРОСТРАНЕНИЕ И ДР. | |
| Место издания, распространения и т.д. | Москва |
| Имя издателя, распространителя и т. д. | ПСТГУ |
| Дата издания, распространения и т.д. | 2024 |
| 215 ## - ФИЗИЧЕСКАЯ ХАРАКТЕРИСТИКА | |
| Специфическое обозначение материала и объем | 320, [2] с. |
| Другие сведения о физической характеристике | ил. |
| Размеры | 21 |
| 300 ## - ОБЩИЕ ПРИМЕЧАНИЯ | |
| Текст примечания | Авт. указаны в конце кн. |
| 320 ## - ПРИМЕЧАНИЯ О НАЛИЧИИ В ДОКУМЕНТЕ БИБЛИОГРАФИИ / УКАЗАТЕЛЯ | |
| Текст примечания | Библиогр. в конце ст. и в подстроч. примеч. |
| 606 1# - НАИМЕНОВАНИЕ ТЕМЫ КАК ПРЕДМЕТ | |
| Наименование темы | Богословие протестантское |
| Географический подзаголовок | Германия |
| Хронологический подзаголовок | кон. 19 - 20 вв. |
| Код системы | nlr_sh2 |
| Идентификатор авторитетной/нормативной записи | RU\NLR\AUTH\6601764424 |
| 606 1# - НАИМЕНОВАНИЕ ТЕМЫ КАК ПРЕДМЕТ | |
| Наименование темы | Богословие и философия |
| Код системы | nlr_sh2 |
| Идентификатор авторитетной/нормативной записи | RU\NLR\AUTH\6601606992 |
| 606 1# - НАИМЕНОВАНИЕ ТЕМЫ КАК ПРЕДМЕТ | |
| Наименование темы | Религиозная философия русская |
| Тематический подзаголовок | История |
| Хронологический подзаголовок | 19 - 20 вв. |
| Код системы | nlr_sh1 |
| -- | nlr_sh2 |
| Идентификатор авторитетной/нормативной записи | RU\NLR\AUTH\661335885 |
| 686 1# - ИНДЕКСЫ ДРУГИХ КЛАССИФИКАЦИЙ | |
| Индекс | Э37-103.3 |
| 686 1# - ИНДЕКСЫ ДРУГИХ КЛАССИФИКАЦИЙ | |
| Индекс | Ю3(2)6-678 |
| 686 2# - ИНДЕКСЫ ДРУГИХ КЛАССИФИКАЦИЙ | |
| Индекс | Э376-4 |
| 686 2# - ИНДЕКСЫ ДРУГИХ КЛАССИФИКАЦИЙ | |
| Индекс | Э372.24-103.3 |
| 701 #1 - ИМЯ ЛИЦА - АЛЬТЕРНАТИВНАЯ ОТВЕТСТВЕННОСТЬ | |
| Начальный элемент ввода | Антонов |
| Часть имени, кроме начального элемента ввода | К. М. |
| Дополнения к именам, кроме дат | д-р филос. наук |
| Даты | 1968- |
| Расширение инициалов личного имени | Константин Михайлович |
| Идентификатор авторитетной/нормативной записи | RU\NLR\AUTH\7792862 |
| 701 #1 - ИМЯ ЛИЦА - АЛЬТЕРНАТИВНАЯ ОТВЕТСТВЕННОСТЬ | |
| Начальный элемент ввода | Ваганова |
| Часть имени, кроме начального элемента ввода | Н. А. |
| Расширение инициалов личного имени | Наталья Анатольевна |
| 701 #1 - ИМЯ ЛИЦА - АЛЬТЕРНАТИВНАЯ ОТВЕТСТВЕННОСТЬ | |
| Начальный элемент ввода | Ильин |
| Часть имени, кроме начального элемента ввода | И. Ю. |
| Дополнения к именам, кроме дат | канд. филос. наук |
| Расширение инициалов личного имени | Иван Юрьевич |
| Идентификатор авторитетной/нормативной записи | RU\NLR\AUTH\770285019 |
| 702 #1 - ИМЯ ЛИЦА - ВТОРИЧНАЯ ОТВЕТСТВЕННОСТЬ | |
| Начальный элемент ввода | Пылаев |
| Часть имени, кроме начального элемента ввода | М. А. |
| Даты | 1971- |
| Расширение инициалов личного имени | Максим Александрович |
| Код отношения | Редактор |
| 712 02 - НАИМЕНОВАНИЕ ОРГАНИЗАЦИИ - ВТОРИЧНАЯ ОТВЕТСТВЕННОСТЬ | |
| Начальный элемент ввода | Православный Свято-Тихоновский гуманитарный университет |
| Идентифицирующий признак | Москва |
| Идентификатор авторитетной/нормативной записи | RU\NLR\AUTH\8810068873 |
| Код отношения | Издающая организация |
| 942 ## - ДОПОЛНИТЕЛЬНЫЕ ЭЛЕМЕНТЫ ЗАПИСИ (АБИС) | |
| Тип экземпляра АБИС | Книга |
| 980 ## - КОЛЛЕКЦИЯ | |
| Название коллекции | Национальная библиография |
Нет доступных экземпляров.